Amnistía migratoria en Costa Rica: análisis de los alcances sociales y del impacto del Régimen de Excepción Migratoria para los Inmigrantes de origen centroamericano en Costa Rica /

Tallennettuna:
Bibliografiset tiedot
Päätekijä: Morales Gamboa, Abelardo
Muut tekijät: coord
Aineistotyyppi: Teksti
Kieli:Spanish
Julkaistu: San José: FLACSO. Programa Costa Rica. OIM
Aiheet:
Tagit: Lisää tagi
Ei tageja, Lisää ensimmäinen tagi!

MARC

LEADER 00000 a a2200000 04500
001 11830
003 cru CIDCACS/IIS
005 20170407163059.0
008 170407b xxu||||| |||| 00| 0 spa d
040 |c cru CIDCACS/IIS 
090 |a 14096 
100 |a Morales Gamboa, Abelardo  
245 |a Amnistía migratoria en Costa Rica: análisis de los alcances sociales y del impacto del Régimen de Excepción Migratoria para los Inmigrantes de origen centroamericano en Costa Rica /  |c Abelardo Morales Gamboa  
260 |a San José:   |b FLACSO. Programa Costa Rica. OIM  
300 |a 101 p. (Incluye 3 anexos)  
300 |b 101 páginas 
650 |a MIGRACION  
650 |a MIGRANTES  
650 |a DERECHOS HUMANOS  
650 |a AMNISTIA  
650 |a TRABAJO  
700 |a coord  
942 |2 ddc  |c LI 
999 |c 14853  |d 14853